Flower of Scotland - Statistics

General Stats
  • This quiz has been taken 699 times
  • The average score is 85 of 110
Answer Stats
Answer % Correct
O
100%
Scotland
100%
flower
99%
of
99%
we
96%
again.
95%
again
95%
see
95%
when
95%
will
95%
and
94%
your
93%
O'er
90%
for
89%
to
89%
him
88%
The
88%
the
88%
army
87%
like
86%
think
86%
died
85%
Edward's
85%
fought
84%
sent
84%
homeward
83%
him.
82%
him
82%
Proud
82%
against
81%
glen
81%
That
81%
that
81%
stood
80%
hill
79%
now
79%
wee
76%
are
75%
bit
75%
past
70%
be
69%
in
68%
those
68%
Those
68%
days
67%
remain,
67%
still.
66%
still
66%
they
66%
nation
65%
must
64%
rise
61%
can
58%
But
51%
hills
44%
bare
42%
leaves
41%
autumn
40%
lie
38%
thick
35%
land
33%
is
31%
so
30%
lost
29%
dearly
23%
held
22%
which
13%
No matching quizzes found
Score Distribution
Percent of People with Each Score
Percentile by Number Answered
Your Score History
You have not taken this quiz